| 000 | 00863nam a2200205 i 4500 | ||
|---|---|---|---|
| 001 | 40314 | ||
| 003 | ES-MaACL | ||
| 005 | 20250620063012.0 | ||
| 007 | t| | ||
| 008 | 030305s1895 sp ||||1| spa d | ||
| 100 | 1 |
_aCarrillo Lasso, Alonso, _d1582-1628 _935777 |
|
| 245 | 1 | 0 |
_aCaballeriza de Córdoba / _cAlfonso Carrillo Lasso. |
| 250 | _a[2ª ed. Publicala el Excmº Señor Marqués de Xerez de los Caballeros... [Sumario... Varias palabras... Reproducción de la edición principe... Equitación. Apuntes bibliograficos por D. José Maria Nogues]. | ||
| 260 |
_aMadrid : _b[s.n.], _c1895. |
||
| 300 |
_aX p., 3 h., 27, 46 p., 1 h. ; _c24 cm. |
||
| 700 | 1 |
_aNogués, José María. _9130515 |
|
| 700 | 1 |
_aPérez de Guzmán y Boza, Manuel, _cMarqués de Jerez de los Caballeros. _9128298 |
|
| 852 |
_aES-MaACL _jT-957-F-11 |
||
| 999 |
_c40314 _d40314 |
||